Statistics for 10 Largest Waterfalls in the World by Height

Click here to take the quiz!

General Stats

  • This quiz has been taken 28 times
  • The average score is 2 of 10

Answer Stats

Answer% Correct
Angel Falls
100%
Olo'upena Falls
14%
Tres Hermanas Falls
14%
Tugela Falls
14%
Balåifossen
11%
Browne Falls
11%
James Bruce Falls
11%
Pu'uka'oku Falls
11%
Vinnufossen
11%
Yumbilla Falls
11%

Score Distribution

Percentile by Number Answered

Percent of People with Each Score

Your Score History

You have not taken this quiz